| 000 | 01314cam a22003251i 4500 | ||
|---|---|---|---|
| 003 | SA-RiAUC | ||
| 005 | 20250118142654.0 | ||
| 008 | 250103s1995 le g b 000 0 ara c | ||
| 040 |
_aJO-AmJU _bara _cSA-RiAUC _erda |
||
| 082 | 0 | 4 |
_a225 _qSA-RiAUC |
| 090 |
_a225 _b ص ب ا |
||
| 100 | 1 |
_aالصبان، محمد بن علي الصبان، _dتوفي 1206 هجري _eمؤلف. |
|
| 245 | 1 | 2 |
_aالرسالة الكبرى في البسملة / _cتأليف أبي العرفان محمد بن علي الصبان ؛ تحقيق فواز أحمد زمرلي، حبيب يحيى المير. |
| 250 | _aالطبعة الأولى. | ||
| 264 | 1 |
_aبيروت : _bدار الكتاب العربي، _c1995 |
|
| 300 |
_a176 صفحة ؛ _c27 سم |
||
| 336 |
_aنص _btxt _2rdacontent _3كتاب |
||
| 337 |
_aبدون وسيط _bn _2rdamedia |
||
| 338 |
_aمجلد _bnc _2rdacarrier |
||
| 504 | _aببليوجرافية : صفحة 170-174. | ||
| 590 | _aأسماء. | ||
| 630 | 2 | 7 |
_aالقرآن _xبلاغة _2aucut |
| 650 | 7 |
_aالبسملة _2aucsh |
|
| 700 | 1 |
_aزمرلي، فواز أحمد، _d1958- _eمحقق. |
|
| 700 | 1 |
_aالمير، حبيب يحيى _eمحقق. |
|
| 730 | 2 | 2 | _aالقرآن |
| 942 |
_2ddc _cBOOK _n0 |
||
| 949 |
_aSA-JeALM _d250103 _umohamedma123 _n1 |
||
| 999 |
_c4943 _d4943 |
||